| 000 | 00354nam a2200133Ia 4500 | ||
|---|---|---|---|
| 005 | 20260328101455.0 | ||
| 008 | 260328s9999||||xx |||||||||||||| ||und|| | ||
| 100 | _aGlancey, Jonathan | ||
| 245 | 0 |
_aArchitecture : _b World's greatest Buildings History and styles / _cJonathan Glancey |
|
| 260 | _bDK | ||
| 300 | _a512 p. | ||
| 650 | _aHISTORIA | ||
| 942 | _cBK | ||
| 999 |
_c8809 _d8809 |
||